|
|
|
|
| LEADER |
00000cam a2200000 a 4500 |
| 001 |
vtls010191456 |
| 003 |
SK-MaSNL |
| 005 |
20260425223102.0 |
| 008 |
180809s2010 xo o g c 000 0 slo |
| 015 |
|
|
|a SNBE2013
|
| 020 |
|
|
|a 9788089489008
|q (brož.)
|
| 040 |
|
|
|a SNK
|b slo
|c SNK
|e AACR2
|
| 041 |
1 |
|
|a slo
|a eng
|
| 043 |
|
|
|a e-xo---
|
| 044 |
|
|
|a xo
|c SK
|
| 072 |
|
7 |
|a 09
|x Rukopisy, prvotlače, staré tlače. Vzácne a pozoruhodné diela
|2 konspekt
|
| 080 |
|
|
|a 091(=124)
|2 2001
|
| 080 |
|
|
|a 091:003.349.3
|2 2001
|
| 080 |
|
|
|a 094/099(=124)
|2 2001
|
| 080 |
|
|
|a (437.6)
|2 2001
|
| 080 |
|
|
|a 091(=163.1)
|2 2001
|
| 080 |
|
|
|a [08+094/099](=163.1)
|2 2001
|
| 080 |
|
|
|a [08+092/099]:003.349.3
|2 2001
|
| 080 |
|
|
|a 821.162.4
|2 2001
|
| 080 |
|
|
|a 316.73(495)
|2 2001
|
| 080 |
|
|
|a 27-528.8
|2 2001
|
| 080 |
|
|
|a 271-7
|2 2001
|
| 080 |
|
|
|a 801.82
|2 2001
|
| 080 |
|
|
|a 80(=16)+908(4)
|2 2001
|
| 080 |
|
|
|a (083.824)
|2 2001
|
| 245 |
0 |
0 |
|a Pramene byzantskej tradície na Slovensku
|b k výstave z príležitosti Roka kresťanskej kultúry 2010
|c [zostavovatelia publikácie: Peter Žeňuch, Andrej Škoviera ; do angličtiny preložil Svorad Zavarský]
|
| 246 |
1 |
1 |
|a Sources of the Byzantine Tradition in Slovakia
|
| 250 |
|
|
|a [1. vyd.]
|
| 260 |
|
|
|a Bratislava
|b Slovenský komitét slavistov
|b Slavistický ústav Jána Stanislava SAV
|b Národné osvetové centrum
|c 2010
|
| 300 |
|
|
|a 72 s.
|b fotogr.
|c 21 cm
|
| 546 |
|
|
|a Súbežný text anglicky
|
| 650 |
0 |
7 |
|a cyrilské rukopisy
|2 SNKPH
|9 83612
|
| 650 |
0 |
7 |
|a cirkevnoslovanské rukopisy
|2 SNKPH
|9 98031
|
| 650 |
0 |
7 |
|a cirkevnoslovanské tlače
|2 SNKPH
|9 108565
|
| 650 |
0 |
7 |
|a cyrilské tlače
|2 SNKPH
|9 90986
|
| 650 |
0 |
7 |
|a latinské rukopisy
|2 SNKPH
|9 236425
|
| 650 |
0 |
7 |
|a latinské tlače
|2 SNKPH
|9 326479
|
| 650 |
0 |
7 |
|a slovenská literatúra
|2 SNKPH
|9 1115
|
| 650 |
0 |
7 |
|a kultúrne vplyvy (byzantské)
|2 SNKPH
|9 98552
|
| 650 |
0 |
7 |
|a byzantský rítus
|2 SNKPH
|9 49897
|
| 650 |
0 |
7 |
|a východné kresťanské cirkvi
|2 SNKPH
|9 68747
|
| 650 |
0 |
7 |
|a písomníctvo
|2 SNKPH
|9 58529
|
| 650 |
0 |
7 |
|a slavistika
|2 SNKPH
|9 4282
|
| 650 |
0 |
7 |
|a Church Slavic manuscripts
|2 SNKPHeng
|9 300649
|
| 650 |
0 |
7 |
|a Church Slavic imprints
|2 SNKPHeng
|9 326480
|
| 650 |
0 |
7 |
|a Cyrillic manuscripts
|2 SNKPHeng
|9 305754
|
| 650 |
0 |
7 |
|a Cyrillic imprints
|2 SNKPHeng
|9 326481
|
| 650 |
0 |
7 |
|a Latin manuscripts
|2 SNKPHeng
|9 326482
|
| 650 |
0 |
7 |
|a Latin imprints
|2 SNKPHeng
|9 326483
|
| 650 |
0 |
7 |
|a Slovak literature
|2 SNKPHeng
|9 265073
|
| 650 |
0 |
7 |
|a Culture's influence (Byzantine)
|2 SNKPHeng
|9 318354
|
| 650 |
0 |
7 |
|a Byzantine rite
|2 SNKPHeng
|9 323190
|
| 650 |
0 |
7 |
|a Eastern Christian churches
|2 SNKPHeng
|9 286526
|
| 650 |
0 |
7 |
|a Literature
|2 SNKPHeng
|9 265137
|
| 650 |
0 |
7 |
|a Slavic studies
|2 SNKPHeng
|9 266256
|
| 651 |
|
7 |
|a Slovensko
|2 SNKPH
|9 14231
|
| 651 |
|
7 |
|a Slovakia
|2 SNKPHeng
|9 92630
|
| 655 |
|
7 |
|a katalógy výstav
|2 SNKPH
|9 70445
|
| 655 |
|
7 |
|a Exhibition catalogs
|2 SNKPHeng
|9 266232
|
| 700 |
1 |
|
|a Žeňuch, Peter,
|d 1971-
|4 com
|9 105860
|
| 700 |
1 |
|
|a Škoviera, Andrej,
|d 1975-
|4 com
|9 167032
|
| 700 |
1 |
|
|a Zavarský, Svorad
|4 trl
|9 16111
|
| 852 |
|
|
|a Štátna vedecká knižnica v Banskej Bystrici
|
| 919 |
|
|
|a 978-80-89489-00-8
|
| 999 |
|
|
|c 576313
|d 578243
|
| 952 |
|
|
|a SNK
|b SNK
|y PREZ
|7 0
|p 17A0682642
|o snkOSC 25338
|i snk2011/170
|8 0
|0 0
|1 0
|4 0
|d 2011-01-04
|l 0
|r 2026-02-23 14:33:01
|w 2026-02-23
|
| 952 |
|
|
|a SNK
|b SNK
|y VYP
|7 0
|p 17A0682643
|o snkOSC 25338 D1
|i snk2011/173
|8 0
|0 0
|1 0
|4 0
|d 2011-01-04
|l 0
|r 2026-02-23 14:33:01
|w 2026-02-23
|